| 000 | 01295cam a2200265 4500 | ||
|---|---|---|---|
| 001 | ABS68305 | ||
| 008 | 041028n2004 000 0 eng u | ||
| 035 | _a(Sirsi) u127867 | ||
| 100 | _aChew, M. | ||
| 245 | 2 | _aA technical evaluation index for curtain wall and cladding facades | |
| 260 | _c2004 | ||
| 490 |
_aStructural Survey _v22(4) 2004, 210-227(18) |
||
| 520 | _aAn assessment framework derived from face-to-face interviews with building managers and comprehensive condition surveys of commercial buildings is proposed. Twenty eight parameters are identified and tested for significance in affecting the technical evaluation score for curtain wall and cladding facades. The proposed framework is intended as a practical benchmark to assess and document the existing condition of the facade and further assist in the proper management of the maintenance strategy of the facade throughout its whole service life. Tables, diagrams and references. [Taken from journal abstract]. | ||
| 590 | _aABS | ||
| 590 | _aABS | ||
| 650 | _aFACADES | ||
| 650 | _aCLADDINGS | ||
| 650 | _aCURTAIN WALLS | ||
| 650 | _aBENCHMARKING | ||
| 650 | _aCONDITION SURVEYS | ||
| 690 | _aBUILDING AND CONSTRUCTION-REPAIRS AND MAINTENANCE | ||
| 700 | _aTan, S. | ||
| 700 | _aKang, K. | ||
| 942 | _n0 | ||
| 999 |
_c118250 _d118250 |
||